00368 2200145 4500001002100000005001700021035002400038090002100062100001700083245003300100250001100133260003100144300002700175990002000202YOGYA00000000007298620161018092445.0 0010-081400000072703 aDEP 028.55 Han U aHANAFI, Tevi aulang tahun linctevi hanavi acet. 5 aYogyakartabKanisiusc2000 a24 hlm.cilus.c19 cm. acb-d.11-2000-56